00312nam a2200121Ia 4500008004100000041000800041082001200049100001700061245002200078260002700100300002000127520004300147240719s9999 xx 000 0 und d aeng a200 DEB aDebroy Bibek aThe Bhagavad Gita aHaryanabPenguinc2005 a321.; P. 23 Cm. aGifted By : IMT Faculty Dr. Pawan Jain